Statistics for Main Series Ace Attorney Defendants

Click here to take the quiz!

General Stats

  • This quiz has been taken 38 times
    (35 since last reset)
  • The average score is 19 of 25

Answer Stats

Cases They Were The Defendant InDefendant% Correct
Rise From The AshesLana Skye
100%
The First TurnaboutLarry Butz
100%
Turnabout Sisters and Reunion, And Turnabout and The Rite Of TurnaboutMaya Fey
100%
Turnabout GoodbyesMiles Edgeworth
100%
Turnabout SamuraiWill Powers
100%
Turnabout Big TopMax Galactica
93%
The Lost Turnabout and Recipe For TurnaboutMaggey Byrde
90%
Turnabout Memories and Turnabout TrumpPhoenix Wright
90%
Farewell, My TurnaboutMatt Engarde
86%
The Stolen TurnaboutRon DeLite
83%
Turnabout For TomorrowAthena Cykes
79%
Bridge To The TurnaboutSister Iris
79%
Turnabout Countdown and Turnabout AcademyJuniper Woods
76%
Turnabout CornerWocky Kitaki
76%
Turnabout SerenadeMachi Tobaye
72%
Turnabout BeginningsTerry Fawles
72%
Turnabout SuccessionVera Misham
72%
The Magical TurnaboutTrucy Wright
62%
The Monstrous TurnaboutDamian Tenma
59%
The Foreign TurnaboutAhlbi Ur’gaid
52%
Turnabout RevolutionDhurke Sahdmadhi
52%
The Cosmic TurnaboutSolomon Starbuck
52%
Turnabout StorytellerBucky Whet
41%
Turnabout ReclaimedOrla Shipley
41%
Turnabout Time TravelerEllen Sprocket
38%

Score Distribution

Percentile by Number Answered

Percent of People with Each Score

Your Score History

You have not taken this quiz since the last reset